书目信息 |
| 题名: |
环境统计
|
|
| 作者: | 蔡宝森 编 | |
| 分册: | ||
| 出版信息: | 武汉 武汉工业大学出版社 1998.08 |
|
| 页数: | 235页 | |
| 开本: | 16开 | |
| 丛书名: | ||
| 单 册: | ||
| 中图分类: | ||
| 科图分类: | ||
| 主题词: | 环境数学 | |
| 电子资源: | ||
| ISBN: | 7-5629-1333-1 | |
| 000 | 00542nam0 2200205 45 | |
| 001 | 9912101448 | |
| 005 | 20001022162137.0 | |
| 010 | @a7-5629-1333-1@d20.00元 | |
| 100 | @a19991210d1998 km y0chiy0120 ea | |
| 101 | @achi | |
| 105 | @a z 000yy | |
| 200 | 1 | @a环境统计@AHuan Jing Tong Ji@f蔡宝森编@FCai Bao SenBian |
| 210 | @a武汉@c武汉工业大学出版社@d1998.08 | |
| 215 | @a235页@d16开 | |
| 606 | 0 | @a环境数学 |
| 690 | @v3 | |
| 690 | @aX11@v3 | |
| 701 | @a蔡宝森@4编 | |
| 801 | @aCN@bPFTUser@c19991210 | |
| 905 | @dX11@eC777@b182760-774@f15 | |
| 环境统计/蔡宝森编.-武汉:武汉工业大学出版社,1998.08 |
| 235页;16开 |
| ISBN 7-5629-1333-1:20.00元 |
| ● |
| 相关链接 |
|
|
|
正题名:环境统计
索取号:X11/C777
 
预约/预借
| 序号 | 登录号 | 条形码 | 馆藏地/架位号 | 状态 | 备注 |
| 1 | 182760 | 201827602 | 自科库501/ [索取号:X11/C777] | 在馆 | |
| 2 | 182761 | 201827611 | 自科库501/501自科库 92排2列2层/ [索取号:X11/C777] | 在馆 | |
| 3 | 182762 | 201827620 | 自科库501/501自科库 92排2列2层/ [索取号:X11/C777] | 在馆 | |
| 4 | 182763 | 201827639 | 自科库501/501自科库 92排2列2层/ [索取号:X11/C777] | 在馆 | |
| 5 | 182764 | 201827648 | 社科二线422/422社科库 46排3列5层/ [索取号:X11/C777] | 在馆 | |
| 6 | 182765 | 201827657 | 自科库501/501自科库 92排2列2层/ [索取号:X11/C777] | 在馆 | |
| 7 | 182766 | 201827666 | 自科库501/501自科库 92排2列2层/ [索取号:X11/C777] | 在馆 | |
| 8 | 182767 | 201827675 | 自科库501/501自科库 92排2列2层/ [索取号:X11/C777] | 在馆 | |
| 9 | 182768 | 201827684 | 自科库501/501自科库 92排2列2层/ [索取号:X11/C777] | 在馆 | |
| 10 | 182769 | 201827693 | 自科库501/501自科库 92排2列2层/ [索取号:X11/C777] | 在馆 | |
| 11 | 182770 | 201827700 | 自科库501/501自科库 92排2列2层/ [索取号:X11/C777] | 在馆 | |
| 12 | 182771 | 201827719 | 期刊室512/501自科库 92排2列2层/ [索取号:X11/C777] | 在馆 | |
| 13 | 182772 | 201827728 | 期刊室512/501自科库 92排2列2层/ [索取号:X11/C777] | 在馆 | |
| 14 | 182773 | 201827737 | 期刊室512/501自科库 92排2列2层/ [索取号:X11/C777] | 在馆 | |
| 15 | 182774 | 201827746 | 期刊室512/501自科库 92排2列2层/ [索取号:X11/C777] | 在馆 | |
| 16 | 460925 | 204609254 | 城院文库/ [索取号:X11/C777] | 在馆 |